LEADER 01368nam0-2200421---450- 001 990000307190203316 005 20040202120832.0 010 $a88-13-22913-5 020 $aIT 035 $a0030719 035 $aUSA010030719 035 $a(ALEPH)000030719USA01 035 $a0030719 100 $a20001129d2000----y0itay01 ba 101 $aita 102 $aIT 105 $a00||| 200 1 $aCommentario breve al nuovo Codice di procedura penale$ecomplemento giurisprudenziale$fGiovanni Conso, Vittorio Grevi$e3. appendice di aggiornamento (ottobre 2000)$ga cura di Vittorio Grevi 210 $aPadova$cCEDAM$d2000 215 $aXXIV, 948 p.$d22 cm 225 2 $aBreviaria iuris 410 0$a12001$aBreviaria Iuris$12001 606 $aCodice di procedura penale 676 $a345.450502648 700 1$aCONSO,$bGiovanni$0149594 701 1$aGREVI,$bVittorio$0222797 801 0$aIT$bBNI$c19990921$gRICA 912 $a990000307190203316 951 $acodex 813$b27358 g.$ccodex$d00070602 959 $aBK 969 $aGIU 979 $aTAMI$b40$c20001129$lUSA01$h1322 979 $c20020403$lUSA01$h1638 979 $aPAOLA$b90$c20040202$lUSA01$h1208 979 $aPATRY$b90$c20040406$lUSA01$h1621 979 $aFIORELLA$b90$c20100603$lUSA01$h1405 996 $aCommentario breve al nuovo codice di procedura penale$9640940 997 $aUNISA